000 00516nmm a2200193Ia 4500
008 251105s9999||||xx |||||||||||||||||und||
020 _a9788416208036
041 _aspa
100 _aOz, Amos
245 0 _aLos judíos y las palabras
264 _a[Madrid, España] :
_bSiruela,
_c2014
300 _a220 páginas
490 _aBiblioteca Amos Oz
650 _aReligion(s)
700 _aOz, Amos
700 1 _a Oz-Salzberger, Fania
856 _uhttps://public.digitaliapublishing.com/a/31543
942 _cCF
999 _c69640
_d69640